مكتبة جامعة عجلون الوطنية

فهرس بحث المكتبة

Normal view MARC view
  • السياسيون الاردنيون - تراجم - ندوات -عبد الحميد شرف 1939-1980م - ندوات

Entry Topical Term

Number of records used in: 1

001 - CONTROL NUMBER

  • control field: 49975

003 - CONTROL NUMBER IDENTIFIER

  • control field: JO-AjAnu

005 - DATE AND TIME OF LATEST TRANSACTION

  • control field: 20230606082230.0

008 - FIXED-LENGTH DATA ELEMENTS

  • fixed length control field: 230606|| aca||aabn | a|a d

040 ## - CATALOGING SOURCE

  • Original cataloging agency: JO-AjAnu
  • Transcribing agency: JO-AjAnu

150 ## - HEADING--TOPICAL TERM

  • Topical term or geographic name entry element: السياسيون الاردنيون - تراجم - ندوات -عبد الحميد شرف 1939-1980م - ندوات

670 ## - SOURCE DATA FOUND

  • Source citation: Work cat.: (JO-AjAnu)25552: ندوة حول عبد الحميد شرف: قراءة في سيرته وتجربته 1996م، المركز الأردني للدرسات والمعلومات، عمان، الاردن, author 49974, عبد الحميد شرف: قراءة في سيرته وتجربته: وقائع الندوة التي نظمها المركز الأردني للدراسات والمعلومات بالتعاون مع وزارة الثقافة، الاردن